Países começados por G - Statistics

Estatísticas Gerais
  • Esse quiz foi jogado 38 vezes
  • A pontuação média é 8 de 11
Estatísticas das Respostas
Resposta % Correto
Gabão
88%
Grécia
85%
Guatemala
85%
Guiné
85%
Guiné-Bissau
82%
Guiné-Equatorial
82%
Gâmbia
76%
Gana
76%
Geórgia
67%
Guiana
64%
Granada
61%
Nenhum quiz correspondente encontrado
Distribuição das Pontuações
Porcentagem de Pessoas com Cada Pontuação
Percentil de Números Respondidos
Sua Pontuação Histórica
Você não jogou esse quiz